Language Quiz

Random Language or Latin Quiz

Can you name the Latin words in English Quiz Stats

 Plays Quiz not verified by Sporcle

Support Sporcle.
Go Orange.
Score 0/10 Timer 02:00
0 Plays Today
Questions Answers % Correct
Virman
89.2%
Uxorwife
86.5%
Voxvoice
83.8%
To wish; to wantvelle
70.3%
Turnverto
64.9%
Venaliciusslave dealer
62.2%
Vitupero-ereto curse
48.6%
Overseer; farm managervilicus
45.9%
Vestigiumtrace
43.2%
To strikeverbo
27%

You're not logged in!

Compare scores with friends on all Sporcle quizzes.
OR
Log In

From the Vault

2000s Movie Taglines

by amlepps517

The 2000s weren't that long ago, you shouldn't have any trouble remembering these movie taglines.
Remove Ads.
Support Sporcle.
Get the best of Sporcle when you Go Orange. This ad-free experience offers more features, more stats, and more fun while also helping to support Sporcle. Thank you for becoming a member.

Show Comments

Extras

Created Feb 4, 2011ReportNominate
Tags:Latin Quiz, English, Versa, Vice

Top Quizzes Today


Score Distribution

Your Account Isn't Verified!

In order to create a playlist on Sporcle, you need to verify the email address you used during registration. Go to your Sporcle Settings to finish the process.

Report this User

Report this user for behavior that violates our Community Guidelines.

Details: